|
|
|
|
| LEADER |
00738nam a22002412a 4500 |
| 001 |
000194196 |
| 003 |
CZ BrMZK |
| 005 |
19970107143423.0 |
| 008 |
970107s1954 xr f cze d |
| 015 |
|
|
|a cnb000510518
|
| 035 |
|
|
|a (OCoLC)85316691
|
| 040 |
|
|
|a BOA001
|b cze
|
| 100 |
1 |
|
|a Bartušek, Bořivoj,
|d 1923-
|7 jk01011004
|
| 245 |
1 |
0 |
|a Lehká atletika /
|c Bořivoj Bartušek aj
|
| 250 |
|
|
|a 1. vyd.
|
| 260 |
|
|
|a Praha :
|b SPN,
|c 1954
|
| 300 |
|
|
|a 96 s.
|
| 490 |
1 |
|
|a Učební texty vysokých škol
|
| 830 |
|
0 |
|a Učební texty vysokých škol
|
| 910 |
|
|
|a BOA001
|b PK-N-0000.956
|
| 964 |
|
|
|a Atletika lehká - úvody
|
| 990 |
|
|
|a BK
|
| 996 |
7 |
|
|b 3119931936
|c PK-N-0000.956
|l MZK
|r Sklad / do 1 hodiny
|n 0
|w 000194196
|u 000010
|a 1
|e BOA001
|j MZK50
|s A
|